000 01093nam a22002897a 4500
001 9900
003 FISKH
005 20260313085813.0
008 260312b cb ||||| |||| 00| 0 eng d
020 _a9780545085823
040 _aFISKH
_beng
_cFISKH
_dFISKH
050 _aPZ7
082 _a531.112
100 _aPallotta, Jerry
_eAuthor
245 _aShow me how fast it is! /
_bby Jerry Pallotta ; illustrated by Rob Bolster
260 _aNew York :
_bScholastic Inc. ,
_c2008
300 _a32 pages :
_bcolor illustrations ;
_c23 cm
505 _aR
520 _aSpeed measures how fast something travels from one place to another. How fast did the first airplane fly? What is the fastest snake? What machine travels at almost twice the speed of sound? How fast--or slow--is a snail? Compare the amazing speeds of animals and machines in this fun-to-read book!
521 8 _a690
_bLexile IG
521 8 _aR
_bRaz-Plus
650 _aSpeed
_vTransportation
650 _aInformative
_vMath
700 _aBolster, Rob
_eIllustrator
942 _2ddc
_cBK
_n0
999 _c9900
_d9900